Medicine: (Record no. 24874)

MARC details
000 -LEADER
fixed length control field 00807nam a22002057a 4500
008 - FIXED-LENGTH DATA ELEMENTS--GENERAL INFORMATION
fixed length control field 090305t xxu||||| |||| 00| 0 eng d
010 ## - LCCN (DPL NO)
LC control number ENG-93073
020 ## - INTERNATIONAL STANDARD BOOK NUMBER
Terms of availability 165.00
International Standard Book Number 9788172764173
035 ## - SYSTEM CONTROL NUMBER
System control number EN-76606
037 ## - SOURCE OF ACQUISITION
Source of stock number/acquisition DBAD / PUB
040 ## - CATALOGING SOURCE
Original cataloging agency dpl
Language of cataloging English
082 ## - DEWEY DECIMAL CLASSIFICATION NUMBER
Classification number 174.2
100 ## - MAIN ENTRY--PERSONAL NAME
Personal name Parameshvara, V.
245 ## - TITLE STATEMENT
Title Medicine:
Statement of responsibility, etc by V. Parameshvara
Remainder of title ethics and practice /
260 ## - PUBLICATION, DISTRIBUTION, ETC. (IMPRINT)
Place of publication, distribution, etc Mumbai
Name of publisher, distributor, etc Bharatiya Vidya Bhavan
Date of publication, distribution, etc 2008
270 ## - ADDRESS
Address Kulapathi Munshi Marg,
City Mumbai
Postal code 400007
300 ## - PHYSICAL DESCRIPTION
Extent 378p.
Dimensions 22cm (pbk)
942 ## - ADDED ENTRY ELEMENTS (KOHA)
Source of classification or shelving scheme Dewey Decimal Classification
Item type English Books
Call number suffix PAR
Classification part 174.2
Holdings
Withdrawn status Lost status Source of classification or shelving scheme Damaged status Not for loan Collection code Home library Current library Date acquired Source of acquisition Cost, normal purchase price Total Checkouts Full call number Barcode Date last seen Copy number Cost, replacement price Koha item type
    Dewey Decimal Classification     Non-fiction D.B.Act.Division D.B.Act.Division 05/03/2009 DBAD / PUB 165.00   174.2 PAR EN-76606 05/03/2009 1 165.00 English Books

© Delhi Public Library
Hit Counter
free hit counter